000 00698nam a2200229 u 4500
005 20241127063736.0
008 171012s2006 ea r 000 0 spa d
020 _a1404274642
035 _aUPN01000220907
049 _aI
050 4 _aPZ7
_bB3.22
100 1 _aBaron, Jessica
_942082
245 1 1 _a¡A desayunar! /
_cJessica Barón ; tr. José María Obregón.
260 _aNew York :
_bRosen Classroom Books & Materials,
_cc2006.
300 _a8 p. :
_bprincipalmente il. col.
440 0 _aRosen real readers en español
650 4 _aLibros y lectura para niños
_92290
650 7 _aHábitos alimenticios
_2
_91358
905 _aInfantil
999 _c193006
_d193006